| 000 | 01002nam a22003017a 4500 | ||
|---|---|---|---|
| 001 | 4693 | ||
| 003 | FISKH | ||
| 005 | 20240923083422.0 | ||
| 008 | 240923b cb ||||| |||| 00| 0 eng d | ||
| 020 | _a9780553157246 | ||
| 040 |
_aFISKH _beng _cFISKH _dFISKH |
||
| 050 | _aPZ7.S68524 | ||
| 082 | _2813.54 | ||
| 100 |
_aJ.sobol, Donald _d(1924–2012) |
||
| 245 |
_aEncyclopedia brown, boy detective / _cBy Donald J. Sobol Illustrated by Leonard Shortall |
||
| 250 | _aPublished in 1978 | ||
| 260 |
_aNew York : _bA Bantam Skylar, _c1978. |
||
| 300 |
_a111 pages : _billustrations ; _c20cm |
||
| 505 | _aN | ||
| 520 | _aFifth-grader "Encyclopedia" Leroy Brown solves ten mysteries and, by putting the solutions at the back of the book, challenges the reader to do the same. | ||
| 521 | 8 |
_a560L
_bLexile |
|
| 521 | 8 |
_aN
_bRaz-Plus |
|
| 650 |
_2Chapter book _aMystery |
||
| 650 |
_2Fiction _aSeries |
||
| 700 |
_aShortall, Leonard _dIllustrator |
||
| 942 |
_2ddc _cBK _n0 |
||
| 999 |
_c4693 _d4693 |
||